Development programme for the engineering industries: (Record no. 41595)
[ view plain ]
| 000 -LEADER | |
|---|---|
| fixed length control field | 00471nam a22001217a 4500 |
| 008 - FIXED-LENGTH DATA ELEMENTS--GENERAL INFORMATION | |
| fixed length control field | 230609b |||||||| |||| 00| 0 eng d |
| 040 ## - CATALOGING SOURCE | |
| Original cataloging agency | National Science Library |
| Transcribing agency | National Science Library |
| 080 ## - UNIVERSAL DECIMAL CLASSIFICATION NUMBER | |
| Universal Decimal Classification number | 62 |
| 245 ## - TITLE STATEMENT | |
| Title | Development programme for the engineering industries: |
| Remainder of title | Metallurgical and heavy engineering industries |
| Statement of responsibility, etc. | / Engineering Export Promotion Council |
| 260 ## - PUBLICATION, DISTRIBUTION, ETC. | |
| Place of publication, distribution, etc. | Calcutta; |
| Name of publisher, distributor, etc. | Engineering Export Promotion Council, |
| 650 ## - SUBJECT ADDED ENTRY--TOPICAL TERM | |
| Topical term or geographic name entry element | Science |
| 942 ## - ADDED ENTRY ELEMENTS (KOHA) | |
| Source of classification or shelving scheme | Universal Decimal Classification |
| Koha item type | Reports |
| Withdrawn status | Lost status | Source of classification or shelving scheme | Damaged status | Not for loan | Home library | Current library | Shelving location | Date acquired | Total Checkouts | Full call number | Barcode | Date last seen | Price effective from | Koha item type |
|---|---|---|---|---|---|---|---|---|---|---|---|---|---|---|
| Universal Decimal Classification | National Science Library | National Science Library | GF/Rk-12/C-7/R-3 | 09/06/2023 | 62 | 195027 | 09/06/2023 | 09/06/2023 | Reports |